| 000 | 00479nam a2200181Ia 4500 | ||
|---|---|---|---|
| 003 | GCL | ||
| 008 | 140319s9999 xx 000 0 eng d | ||
| 040 |
_aGCL / _cGCL |
||
| 082 | 0 | 4 |
_a720.953.32 _bB Y |
| 100 | 1 | _aBENMOUMA, MOHAMED | |
| 245 | 1 | 0 |
_aYEMEN: ARCHITECTURE MILLENAIRE / _cBENMOUMA, MOHAMED |
| 260 |
_a[S.N] : _bINSTITUT DU MONDE ARABE ، _c1993 |
||
| 300 | _a48 P | ||
| 650 | 0 | 4 | _aYEMEN |
| 650 | 0 | 4 | _aART, YEMEN |
| 650 | 0 | 4 | _aARCHITECTURE, ISLAMIC |
| 942 |
_2ddc _cBK |
||
| 999 |
_c19210 _d19210 |
||